| 000 | 00351nam a2200109Ia 4500 | ||
|---|---|---|---|
| 008 | 230907s9999||||xx |||||||||||||| ||und|| | ||
| 082 |
_a621.319105196 _bMOD |
||
| 245 | 0 | _aModern heuristic optimization techniques : | |
| 260 |
_aIEEE Press ; | Wiley-Interscience, _bPiscataway, N.J. : | Hoboken, N.J. : _c2008 |
||
| 300 | _axxviii, 586 p. : | ||
| 942 | _cBK | ||
| 999 |
_c597851 _d597851 |
||